VBSript in a nutshell (Record no. 118)

MARC details
000 -LEADER
fixed length control field 00410nam a2200157Ia 4500
008 - FIXED-LENGTH DATA ELEMENTS--GENERAL INFORMATION
fixed length control field 130318s9999 xx 000 0 und d
020 ## - INTERNATIONAL STANDARD BOOK NUMBER
International Standard Book Number 8173662576
082 ## - DEWEY DECIMAL CLASSIFICATION NUMBER
Classification number 005.133VB CHI/V
100 ## - MAIN ENTRY--PERSONAL NAME
Personal name Childs, Matt
245 ## - TITLE STATEMENT
Title VBSript in a nutshell
260 ## - PUBLICATION, DISTRIBUTION, ETC.
Name of publisher, distributor, etc. Oreilly/Shroff Publishers and Distributors
Place of publication, distribution, etc. Mumbai
Date of publication, distribution, etc. 2000
300 ## - PHYSICAL DESCRIPTION
Extent 495
650 ## - SUBJECT ADDED ENTRY--TOPICAL TERM
Topical term or geographic name entry element VB SCRIPT
700 ## - ADDED ENTRY--PERSONAL NAME
Personal name Lomax, Paul
700 ## - ADDED ENTRY--PERSONAL NAME
Personal name Petrusha, Ron
Holdings
Withdrawn status Lost status Damaged status Not for loan Home library Current library Date acquired Cost, normal purchase price Total Checkouts Full call number Barcode Date last seen Price effective from Koha item type
        Kerala University of Digital Sciences, Innovation and Technology Knowledge Centre Kerala University of Digital Sciences, Innovation and Technology Knowledge Centre 18/03/2013 212.00   005.133VB CHI/V 118 24/11/2016 18/03/2013 Archives